| 000 | 00455 a2200169 4500 | ||
|---|---|---|---|
| 020 | _a9781412967433 | ||
| 022 | _a9781412967433 | ||
| 082 | _a352.6 | ||
| 090 |
_c6632 _d6632 |
||
| 100 | _aBerman,Evan M. | ||
| 245 |
_aHuman Resource Management in Public Service. _bParadoxes,Processes,and Problems. _cEvan M Berman. |
||
| 250 | _a3rd. | ||
| 260 |
_aNew Delhi. _bSAGE. _c2010. |
||
| 300 | _a434p. | ||
| 500 | _aHard cover | ||
| 942 |
_anbs _cBK _k352.6 BER |
||
| 999 |
_c348983 _d348983 |
||